00622nam a2200205Ia 450000500170000000800410001702000220005804000190008004100120009908200160011110000210012724500370014826000480018530000100023344000240024385000100026794200070027799900170028495201150030120220624141752.0131103s9999 xx 000 0 und d a8123700369cRs 45 aLoreto College aEnglish a304.28bFUT aFutehally, Laeeq aOur environmentcLaeeq Futehally aNew DelhibNational Book Trust, Indiac1988 a137p  aYoung India Library aLCLIB cBK c15449d65928 00102ddc4070aMAINbMAINd2013-11-04l2o304.28 FUT 44731pB15506r2019-03-15s2019-03-15w2013-11-04yBKf